000 00483nab a2200145Ia 4500
003 ES-SlBCS
005 20210601141251.0
008 140529s2011 xxu||||| |||| 00| 0 spa d
041 _aspa
100 1 _aGarcía Fernández, Alicia
_9253858
245 0 0 _aPor una nueva interpretación de la teoría de las ideas
_c Alicia García Fernández
650 0 4 _aTeoría de las Ideas
_9129853
773 0 _tEducaçao e Filosofia
_gvol. 25, nº. 49, 2011, págs. 227-240
_wRev1534
942 _cAR
999 _c657945
_d657945